000 00575nam a2200229 a 4500
001 nice12345678
003 IN_TiNIC
005 20260116012618.0
008 070621s1978 laha grp 000 0 eng
020 _a
_c260
082 0 0 _a211.6
_bATT
100 _aAl-Attas, Syed Muhammad Naquib
245 _aIslam and Secularism
260 _aLahore
_bSuhail Academy
_c1978
300 _a196p
500 _aincludes index and biblioraphy
650 _aSecularism and Islam
700 1 _aAl-Attas, Syed Muhammad Naquib
902 _bSRS
942 _cBK
999 _c7671
_d7671